000 00577nam a2200193 4500
001 113494
003 ES-MaACL
005 20230906185920.0
007 t|
008 061121s1982 xxk r ||||1| eng d
100 1 _aNoble, Peter S.
_985807
245 1 0 _aBerouls `Tristan` and the ` Folie de Berne` /
_cPeter S. Noble.
260 _aLondon :
_bGrant and Cutler,
_c1982.
300 _a109 p. ;
_c20 cm.
490 1 _aCritical guides to french texts
830 0 _aCritical guides to french texts
_9182826
852 _aES-MaACL
_jL-2897
_bR.103687
999 _c113494
_d113494